Optimalizácia tepelného spracovania na priechodnej kaliacej peci Wienstroth s odkalením do soľného kúpeľa
Saved in:
| Main Author: | |
|---|---|
| Other Authors: | |
| Format: | Manuscript Book |
| Language: | Slovak |
| Published: |
2016
|
| Subjects: | |
| Online Access: | http://is.stuba.sk/zp/portal_zp.pl?podrobnosti=118250 |
| Tags: |
No Tags, Be the first to tag this record!
|
MARC
| LEADER | 00000ntm a22000003a 4500 | ||
|---|---|---|---|
| 001 | stuzp56698 | ||
| 003 | SK-STU | ||
| 005 | 20160719155053.9 | ||
| 007 | ta | ||
| 008 | 150427s2015----xo-----f-mn---000-0-slo-d | ||
| 040 | |a STU |b slo | ||
| 041 | 0 | |a slo | |
| 100 | 1 | |a Královič, Dominik |u 061000 |k Z4 |4 aut |U MTF Materiálovotechnologická fakulta |T MTF Ústav materiálov |X 42339 |U M1000 |Y 81 |7 A000042339 | |
| 242 | 0 | 1 | |a Optimization of heat treatment on the through-hardening furnace with Wienstroth defecation in a salth bath |y eng |
| 245 | 1 | 0 | |a Optimalizácia tepelného spracovania na priechodnej kaliacej peci Wienstroth s odkalením do soľného kúpeľa |
| 260 | |c 2016 | ||
| 650 | 4 | |a teplotné polia |2 slo | |
| 650 | 4 | |a kaliace médium |2 slo | |
| 650 | 4 | |a deformácie |2 slo | |
| 650 | 4 | |a thermal fields |2 eng | |
| 650 | 4 | |a harden medium |2 eng | |
| 650 | 4 | |a deformations |2 eng | |
| 700 | 1 | |a Jankovič, Jozef |4 ths |X 36639 |7 A000036639 | |
| 856 | 4 | |u http://is.stuba.sk/zp/portal_zp.pl?podrobnosti=118250 | |
| 996 | |c M* DP-12760 |l MMSKP |s P |a 0 |w stuzp56698_0001 | ||
| SQL | |a stuzp56698 |b DDP |c SLO |d Optimalizácia tepelného spracovania na priechodnej kaliacej peci Wienstroth s odkalením do soľného kúpeľa |e 42339 |f Královič, Dominik |g 061000 |h 36639 |i Jankovič, Jozef |j 20160602 |k 667 |l 06 |m http://is.stuba.sk/zp/portal_zp.pl?podrobnosti=118250 |n I-MI |o 5.2.26. materiály | ||